国鉄行先クイズ(北海道/1968年) - Statistics

General Stats
  • This quiz has been taken 223 times
  • The average score is 71 of 139
Answer Stats
Answer % Correct
函館
95%
根室
94%
稚内
94%
小樽
93%
名寄
93%
旭川
91%
札幌
91%
90%
長万部
90%
北見
90%
網走
90%
留萌
90%
千歳
89%
帯広
88%
苫小牧
88%
釧路
87%
増毛
87%
富良野
87%
音威子府
86%
室蘭
85%
滝川
85%
岩見沢
84%
江差
84%
深川
84%
夕張
84%
遠軽
82%
倶知安
82%
石狩沼田
82%
東室蘭
82%
新得
79%
池田
79%
木古内
79%
大沼
76%
上川
75%
伊達紋別
74%
砂川
74%
様似
74%
松前
72%
余市
72%
厚岸
71%
江別
71%
鵡川
70%
羽幌
68%
手稲
68%
広尾
67%
中標津
67%
登別
67%
斜里
66%
瀬棚
66%
追分
66%
歌志内
65%
興部
65%
浜頓別
65%
幌延
65%
留辺蘂
65%
石狩当別
64%
洞爺
64%
白糠
64%
美瑛
63%
美唄
62%
紋別
61%
厚床
60%
大沼公園
59%
湧別
57%
陸別
57%
芦別
56%
南稚内
56%
北見枝幸
56%
岩内
53%
朱鞠内
52%
上砂川
52%
雄武
52%
静内
51%
美幌
51%
蘭越
51%
黒松内
50%
上磯
46%
中湧別
45%
弟子屈
45%
京極
44%
根室標津
44%
上士幌
43%
北見相生
43%
浦臼
42%
三笠
42%
十勝三股
41%
豊浦
40%
日高町
39%
訓子府
38%
紅葉山
38%
渚滑
38%
仁宇布
38%
北見滝ノ上
38%
38%
小沢
37%
石狩月形
36%
万字炭山
35%
遠別
34%
喜茂別
33%
然別
32%
置戸
32%
幌別
30%
下川
29%
今金
29%
幾春別
28%
生田原
28%
幌内
28%
越川
27%
仁木
26%
落合
26%
声問
21%
目名
21%
上茶路
19%
登川
19%
上目名
18%
南美唄
18%
築別
16%
厚内
15%
尺別
15%
上興部
15%
静狩
15%
脇方
15%
新大滝
13%
奥白滝
10%
振内
10%
直別
10%
上芦別
9%
天塩弥生
9%
上渚滑
8%
鷹泊
8%
曲淵
7%
御園
7%
小石
7%
久保内
5%
沼ノ沢
4%
碧水
4%
一ノ橋
3%
旭岡
2%
斜内
2%
No matching quizzes found
Score Distribution
Percent of People with Each Score
Percentile by Number Answered
Your Score History
You have not taken this quiz